South and East Asia since 1800

में बचाया:
ग्रंथसूची विवरण
मुख्य लेखक: Purcell, Victor
स्वरूप: पुस्तक
भाषा:Undetermined
प्रकाशित: Cambridge Cambridge University Press 1965
टैग : टैग जोड़ें
कोई टैग नहीं, इस रिकॉर्ड को टैग करने वाले पहले व्यक्ति बनें!
Thư viện lưu trữ: Trung tâm Học liệu Trường Đại học Cần Thơ
LEADER 00448nam a2200169Ia 4500
001 CTU_110933
008 210402s9999 xx 000 0 und d
082 |a 950 
082 |b P985 
100 |a Purcell, Victor 
245 0 |a South and East Asia since 1800 
245 0 |c Victor Purcell 
260 |a Cambridge 
260 |b Cambridge University Press 
260 |c 1965 
904 |i Giang 
980 |a Trung tâm Học liệu Trường Đại học Cần Thơ